| 000 | 01111cam a22002893a 4500 | ||
|---|---|---|---|
| 001 | 1452 | ||
| 003 | PGUSA | ||
| 005 | 20140828083001.0 | ||
| 008 | 980901s1998||||xxu|||||s|||||000 | eng d | ||
| 040 |
_aPGUSA _beng |
||
| 042 | _adc | ||
| 050 | 4 | _aDT | |
| 100 | 1 |
_aPlaatje, Sol. T. _q(Solomon Tshekisho), _d1876-1932 |
|
| 245 | 1 | 0 |
_aNative Life in South Africa : _bBefore and Since the European War and the Boer Rebellion _h[electronic resource] / _cSol. T. Plaatje |
| 260 |
_bProject Gutenberg, _c1998 |
||
| 506 | _aPublic domain in the USA. | ||
| 516 | _aElectronic text | ||
| 653 | _aIndigenous peoples -- South Africa -- Social conditions -- 20th century | ||
| 653 | _aLand tenure -- Law and legislation -- South Africa | ||
| 653 | _aSouth Africa -- Politics and government -- 1836-1909 | ||
| 653 | _aBlacks -- South Africa -- Social conditions -- 20th century | ||
| 653 | _aSouth Africa -- Politics and government -- 1909-1948 | ||
| 653 | _aSouth Africa -- History -- Rebellion, 1914-1915 | ||
| 830 | 0 |
_aProject Gutenberg _v1452 |
|
| 856 | 4 | 0 | _uhttp://www.gutenberg.org/ebooks/1452 |
| 942 | _cEB | ||
| 999 |
_c230800 _d230800 |
||